<?xml version="1.0" encoding="UTF-8"?>
<record
    xmlns:xsi="http://www.w3.org/2001/XMLSchema-instance"
    xsi:schemaLocation="http://www.loc.gov/MARC21/slim http://www.loc.gov/standards/marcxml/schema/MARC21slim.xsd"
    xmlns="http://www.loc.gov/MARC21/slim">

  <leader>02942nam a22002657a 4500</leader>
  <controlfield tag="003">DO-SdBNP</controlfield>
  <controlfield tag="005">20220225082840.0</controlfield>
  <controlfield tag="008">210226b2014  dr  00| 0 spa d</controlfield>
  <datafield tag="020" ind1=" " ind2=" ">
    <subfield code="a">9789945462746</subfield>
  </datafield>
  <datafield tag="040" ind1=" " ind2=" ">
    <subfield code="a">BPMSU</subfield>
    <subfield code="b">spa</subfield>
    <subfield code="c">BPMSU</subfield>
  </datafield>
  <datafield tag="082" ind1=" " ind2=" ">
    <subfield code="a">972.93053</subfield>
    <subfield code="b">P426e 2014</subfield>
    <subfield code="2">22</subfield>
  </datafield>
  <datafield tag="100" ind1="1" ind2=" ">
    <subfield code="a">Peralta Michel , Jos&#xE9; </subfield>
    <subfield code="d">1931-</subfield>
  </datafield>
  <datafield tag="245" ind1="1" ind2="0">
    <subfield code="a">En la Vega :</subfield>
    <subfield code="b">resistencia antitrujillista y m&#xE1;s all&#xE1; /</subfield>
    <subfield code="c">Jos&#xE9; Peralta Michel </subfield>
  </datafield>
  <datafield tag="250" ind1=" " ind2=" ">
    <subfield code="a">2a ed.</subfield>
    <subfield code="b"> </subfield>
  </datafield>
  <datafield tag="260" ind1=" " ind2=" ">
    <subfield code="a">Santo Domingo :</subfield>
    <subfield code="b">Comisi&#xF3;n Permanente de Efem&#xE9;rides Patria,</subfield>
    <subfield code="c">2014</subfield>
  </datafield>
  <datafield tag="300" ind1=" " ind2=" ">
    <subfield code="a">242 p.:</subfield>
    <subfield code="b">il.;</subfield>
    <subfield code="c">22 cm.</subfield>
  </datafield>
  <datafield tag="500" ind1=" " ind2=" ">
    <subfield code="a">incluyes datos biogr&#xE1;ficos del autor en la contracubierta </subfield>
  </datafield>
  <datafield tag="505" ind1="0" ind2=" ">
    <subfield code="a">pr&#xF3;logo. El antitrujillismo en la Vega / Pedro Antonio Valdez --
Mis primeros conocimientos de Trujillo --  Una agresi&#xF3;n injustificable  -- Un testimonio: historia de la causa -- La Juventud Democr&#xE1;tica en La Vega -- El Partido Socialista Popular (PSP) -- Comunicaci&#xF3;n hist&#xF3;rica --Cambio de vida y actitud frente al r&#xE9;gimen -- Juan Rodriguez Garc&#xED;a: asedio y exilio -- Jos&#xE9; Espaillat Rodr&#xED;guez. Persecuci&#xF3;n y exilio --  Resistencia y actividades conspirativas. Apresamientos, represi&#xF3;n y muertes -- Veganos marcados por la tiran&#xED;a -- Final de un decenio de actividades revolucionarias y represivas -- El proyecto revolucionario de los hermanos Batista Clisante -- Ney Pimentel: resistencia y muerte brutal -- Comienzo de la resistencia y la conspiraci&#xF3;n interna en el 1959 -- En La Vega: resistencia y conspiraci&#xF3;n -- M&#xE1;rtires veganos en Constanza, Maim&#xF3;n y Estero Hondo -- Reactivaci&#xF3;n de la conspiraci&#xF3;n -- Nuevo proyecto conspirativo ampliado -- Las acciones revolucionarias de 10 y 11 de octubre -- Descubrimiento de las acciones y prisi&#xF3;n -- Las torturas de "La 40" -- Encierro en solitarias en la c&#xE1;rcel de "La Victoria" -- Mi permanencia en solitaria -- Dram&#xE1;tico comportamiento de mi hermana Nin&#xF3;n -- Cambio sorpresivo y encuentro familiar -- De solitarias a "el pasillo" -- De nuevo a "La 40"  Resistencia de veganos y represi&#xF3;n -- La "magnanimidad" de Trujillo en su carta de indulto -- Regreso al hogar -- La Iglesia y Trujillo 164 La madrugada del  31 de mayo y prisi&#xF3;n --  Firmantes de UCN y renuncia al Partido Dominicano -- El 14 de Junio en La Vega --  Ataque y destrucci&#xF3;n del local del 14 de Junio --  Asalto a las residencias del Dr. G&#xF3;mez Yang&#xFC;ela y de Francisco G&#xF3;mez Estrella --  La noche del 19 noviembre  -- Veganos en la insurrecci&#xF3;n constitucionalista de 1963 188 La muerte de Alfredo Antonio y otros hechos de Las Manaclas -- Vigilancia y persecuci&#xF3;n  -- La Vega y revoluci&#xF3;n constitucionalista -- La muerte de Carlos Jos&#xE9; Sebasti&#xE1;n G&#xF3;mez -- La muerte de Stalin Garc&#xED;a Mu&#xF1;oz.</subfield>
  </datafield>
  <datafield tag="590" ind1=" " ind2=" ">
    <subfield code="6">Inventariado, 2021/VM</subfield>
  </datafield>
  <datafield tag="650" ind1=" " ind2="4">
    <subfield code="a"> 	 	 	 	 </subfield>
  </datafield>
  <datafield tag="651" ind1=" " ind2="4">
    <subfield code="a">La Vega (Rep&#xFA;blica Dominicana)   </subfield>
    <subfield code="x">Historia local.</subfield>
  </datafield>
  <datafield tag="651" ind1=" " ind2="4">
    <subfield code="a">Rep&#xFA;blica Dominicana</subfield>
    <subfield code="x">Historia </subfield>
    <subfield code="y">Era de Trujillo -- 1930-1961</subfield>
  </datafield>
  <datafield tag="910" ind1=" " ind2=" ">
    <subfield code="a">MCabrera /VMateo</subfield>
  </datafield>
  <datafield tag="942" ind1=" " ind2=" ">
    <subfield code="2">ddc</subfield>
    <subfield code="c">BK</subfield>
  </datafield>
  <datafield tag="952" ind1=" " ind2=" ">
    <subfield code="0">0</subfield>
    <subfield code="1">0</subfield>
    <subfield code="2">ddc</subfield>
    <subfield code="4">0</subfield>
    <subfield code="7">0</subfield>
    <subfield code="8">CD</subfield>
    <subfield code="a">BPMET</subfield>
    <subfield code="b">BPMET</subfield>
    <subfield code="d">2021-02-26</subfield>
    <subfield code="e">Compra</subfield>
    <subfield code="o">BPMSU CD 972.93053 P426e 2014</subfield>
    <subfield code="p">BPMSU21020019</subfield>
    <subfield code="r">2021-02-26</subfield>
    <subfield code="t">e.3</subfield>
    <subfield code="w">2021-02-26</subfield>
    <subfield code="y">BK</subfield>
  </datafield>
  <datafield tag="952" ind1=" " ind2=" ">
    <subfield code="0">0</subfield>
    <subfield code="1">0</subfield>
    <subfield code="2">ddc</subfield>
    <subfield code="4">0</subfield>
    <subfield code="7">0</subfield>
    <subfield code="8">CD</subfield>
    <subfield code="a">BPMET</subfield>
    <subfield code="b">BPMET</subfield>
    <subfield code="d">2021-02-26</subfield>
    <subfield code="e">Compra</subfield>
    <subfield code="o">BPMSU CD 972.93053 P426e 2014</subfield>
    <subfield code="p">BPMSU21020018</subfield>
    <subfield code="r">2021-02-26</subfield>
    <subfield code="t">e.2</subfield>
    <subfield code="w">2021-02-26</subfield>
    <subfield code="y">BK</subfield>
  </datafield>
  <datafield tag="952" ind1=" " ind2=" ">
    <subfield code="0">0</subfield>
    <subfield code="1">0</subfield>
    <subfield code="2">ddc</subfield>
    <subfield code="4">0</subfield>
    <subfield code="7">0</subfield>
    <subfield code="8">CD</subfield>
    <subfield code="a">BPMET</subfield>
    <subfield code="b">BPMET</subfield>
    <subfield code="d">2021-02-26</subfield>
    <subfield code="e">Compra</subfield>
    <subfield code="o">BPMSU CD 972.93053 P426e 2014</subfield>
    <subfield code="p">BPMSU21020017</subfield>
    <subfield code="r">2021-02-26</subfield>
    <subfield code="w">2021-02-26</subfield>
    <subfield code="y">BK</subfield>
  </datafield>
  <datafield tag="999" ind1=" " ind2=" ">
    <subfield code="c">13381</subfield>
    <subfield code="d">13381</subfield>
  </datafield>
</record>
